000 00260nam a22001217a 4500
008 170530b xxu||||| |||| 00| 0 eng d
041 _aeng
080 _a94
100 _a16
101 _aSHH
245 _aOUR NATIONAL PARKS
_cWERMERT.S.J
942 _2udc
_cBK
999 _c15011
_d15011